[Event "NATO-ch 32nd"]
[Site "Tartu"]
[Date "2022.06.30"]
[Round "6"]
[White "Echavarria Hidalgo, Fernando"]
[Black "Charles, Freddy"]
[Result "1/2-1/2"]
[WhiteElo "1749"]
[BlackElo "1742"]
[PlyCount "85"]
[EventDate "2022.06.27"]
[EventType "swiss"]
[EventRounds "7"]
[EventCountry "EST"]
[SourceTitle "CBM 209 Extra"]
[Source "ChessBase"]
[SourceDate "2022.09.30"]
[SourceVersion "1"]
[SourceVersionDate "2022.09.30"]
[SourceQuality "1"]

1. e4 d5 2. exd5 Qxd5 3. Nc3 Qd8 4. d4 Nf6 5. Nf3 Bg4 6. Bb5+ c6 7. Be2 e6 8. h3 Bh5 9. 0-0 Nbd7 10. Bf4 Be7 11. Ne5 Bxe2 12. Qxe2 0-0 13. Rad1 Nd5 14. Nxd5 cxd5 15. Nxd7 Qxd7 16. Rfe1 b5 17. a3 a5 18. Qg4 Rfc8 19. c3 b4 20. axb4 axb4 21. Qg3 bxc3 22. bxc3 Ra3 23. Rd3 Rca8 24. Bh6 g6 25. Qe5 Bf8 26. Bxf8 Rxf8 27. h4 h5 28. Rg3 Kh7 29. Rge3 Qd8 30. g3 Qa5 31. Qd6 Ra8 32. Qe7 Ra7 33. Qb4 Qc7 34. Qb2 R3a6 35. Qc2 Ra4 36. Rc1 Rc4 37. Qd2 Ra6 38. Kg2 Qb7 39. Qc2 Kg7 40. Rb1 Qa8 41. Rb2 Rac6 42. Qd2 Qc8 43. Rc2 1/2-1/2

[Event "NATO-ch 31st"]
[Site "Blankenberge"]
[Date "2021.10.11"]
[Round "1.32"]
[White "Schott, Guido"]
[Black "Echavarria Hidalgo, Fernando"]
[Result "1-0"]
[WhiteElo "2029"]
[BlackElo "1749"]
[PlyCount "99"]
[EventDate "2021.10.11"]
[EventType "team-swiss"]
[EventRounds "7"]
[EventCountry "BEL"]
[SourceTitle "CBM 204 Extra"]
[Source "ChessBase"]
[SourceDate "2021.11.30"]
[SourceVersion "1"]
[SourceVersionDate "2021.11.30"]
[SourceQuality "1"]
[WhiteTeam "NATO II"]
[BlackTeam "Canada"]
[BlackTeamCountry "CAN"]

1. e4 c5 2. Nc3 Nc6 3. f4 e6 4. Nf3 d6 5. g3 Nf6 6. Bg2 Be7 7. 0-0 0-0 8. d3 Rb8 9. Kh1 Bd7 10. e5 Ne8 11. Be3 d5 12. d4 cxd4 13. Nxd4 Nxd4 14. Bxd4 b6 15. f5 exf5 16. Nxd5 Be6 17. Bc3 Bxd5 18. Bxd5 Nc7 19. Bg2 g6 20. Qe2 Ne6 21. Rad1 Qc7 22. g4 f4 23. Rd3 Rbd8 24. Rfd1 Rxd3 25. cxd3 Ng5 26. d4 f3 27. Bxf3 Nxf3 28. Qxf3 Qd7 29. d5 Qb7 30. Kg2 Bd8 31. Rf1 Be7 32. Qe4 Rd8 33. Rd1 Rf8 34. Re1 Bh4 35. Re2 Rd8 36. Rd2 Bg5 37. Rd3 Re8 38. e6 Rxe6 39. Qf3 Rd6 40. Be5 Rd7 41. d6 Qxf3+ 42. Kxf3 Bd8 43. Ke4 f6 44. Bg3 Kf7 45. Kd5 Ke8 46. Kc6 Rg7 47. d7+ Kf7 48. Bc7 Rg8 49. Bxd8 Rxd8 50. Kc7 1-0

[Event "NATO-ch 26th"]
[Site "Amsterdam"]
[Date "2015.07.09"]
[Round "5.39"]
[White "Echavarria Hidalgo, Fernando"]
[Black "Crapulli, Giuseppe"]
[Result "1/2-1/2"]
[WhiteElo "1813"]
[BlackElo "1862"]
[PlyCount "68"]
[EventDate "2015.07.06"]
[EventType "swiss"]
[EventRounds "7"]
[EventCountry "NED"]
[SourceTitle "EXT 2016"]
[Source "ChessBase"]
[SourceDate "2015.10.08"]
[SourceVersion "1"]
[SourceVersionDate "2015.10.08"]
[SourceQuality "1"]
[WhiteTeam "Canada"]
[BlackTeam "Italy"]
[WhiteTeamCountry "CAN"]
[BlackTeamCountry "ITA"]

1. Nf3 Nf6 2. c4 e6 3. g3 b6 4. Bg2 Bb7 5. 0-0 Be7 6. Nc3 0-0 7. Re1 c5 8. e3 d5 9. cxd5 Nxd5 10. Nxd5 Qxd5 11. Nh4 Qd7 12. Bxb7 Qxb7 13. Qf3 Nc6 14. Qe4 Qd7 15. Nf3 f5 16. Qc4 Bf6 17. a3 Kh8 18. d4 cxd4 19. exd4 Nxd4 20. Nxd4 Bxd4 21. Qxe6 Qxe6 22. Rxe6 Rfe8 23. Rxe8+ Rxe8 24. Kf1 Rc8 25. Ke2 Rc2+ 26. Kd3 Bxb2 27. Kxc2 Bxa1 28. Be3 Kg8 29. Kb3 Kf7 30. Kb4 Bb2 31. a4 Ke6 32. Kb5 Ba3 33. Ka6 Kd5 34. Kxa7 Bc5 1/2-1/2

[Event "Outaouais op (TORO)"]
[Site "Gatineau"]
[Date "2015.06.07"]
[Round "4"]
[White "Kellar, Ben"]
[Black "Echavarria Hidalgo, Fernando"]
[Result "1-0"]
[WhiteElo "2040"]
[BlackElo "1871"]
[PlyCount "59"]
[EventDate "2015.06.05"]
[EventType "swiss"]
[EventRounds "5"]
[EventCountry "CAN"]
[SourceTitle "EXT 2019"]
[Source "ChessBase"]
[SourceDate "2018.10.10"]
[SourceVersion "1"]
[SourceVersionDate "2018.10.10"]
[SourceQuality "1"]

1. c4 e6 2. Nf3 Nf6 3. g3 c5 4. Bg2 Nc6 5. Nc3 d5 6. cxd5 exd5 7. d4 cxd4 8. Nxd4 Bb4 9. 0-0 Bxc3 10. bxc3 0-0 11. Bf4 Re8 12. Nb5 Ne5 13. Qd4 Nc6 14. Qc5 Rxe2 15. Nc7 Ne4 16. Bxe4 Rxe4 17. Nxa8 Rxf4 18. gxf4 Be6 19. Rfd1 Qxa8 20. f5 Bxf5 21. Qxd5 Be6 22. Qd6 h5 23. Rd3 Qc8 24. h4 Bg4 25. Re1 Be6 26. Rg3 Bg4 27. f3 Bf5 28. Qd5 g6 29. Kf2 Be6 30. Qxh5 1-0

[Event "NATO-ch 25th"]
[Site "Quebec"]
[Date "2014.09.12"]
[Round "7"]
[White "Papler, Peter"]
[Black "Echavarria Hidalgo, Fernando"]
[Result "0-1"]
[WhiteElo "1613"]
[BlackElo "1788"]
[PlyCount "54"]
[EventDate "2014.09.08"]
[EventType "team-swiss"]
[EventRounds "7"]
[EventCountry "CAN"]
[SourceTitle "EXT 2015"]
[Source "ChessBase"]
[SourceDate "2014.11.20"]
[SourceVersion "1"]
[SourceVersionDate "2014.11.20"]
[SourceQuality "1"]
[WhiteTeam "Slovenia"]
[BlackTeam "NATO"]
[WhiteTeamCountry "SLO"]

1. d4 Nf6 2. Nf3 e6 3. e3 c5 4. c3 Nc6 5. Nbd2 a6 6. Bd3 d5 7. 0-0 b5 8. Re1 Be7 9. Nf1 0-0 10. Ng3 cxd4 11. exd4 Bb7 12. Qc2 Rc8 13. h3 Nb4 14. Qe2 Nxd3 15. Qxd3 b4 16. Rb1 Ne4 17. cxb4 Nxg3 18. fxg3 Bxb4 19. Re5 Qc7 20. Rh5 g6 21. Rxh7 Kxh7 22. Qe3 Rh8 23. Ne5 Kg7 24. g4 Bd6 25. Qg5 Qe7 26. Qe3 Bxe5 27. dxe5 Qc5 0-1

[Event "NATO-ch 25th"]
[Site "Quebec"]
[Date "2014.09.11"]
[Round "5"]
[White "Echavarria Hidalgo, Fernando"]
[Black "Stuhr, Finn"]
[Result "0-1"]
[WhiteElo "1788"]
[BlackElo "1800"]
[PlyCount "128"]
[EventDate "2014.09.08"]
[EventType "team-swiss"]
[EventRounds "7"]
[EventCountry "CAN"]
[SourceTitle "EXT 2015"]
[Source "ChessBase"]
[SourceDate "2014.11.20"]
[SourceVersion "1"]
[SourceVersionDate "2014.11.20"]
[SourceQuality "1"]
[WhiteTeam "NATO"]
[BlackTeam "Denmark"]
[BlackTeamCountry "DEN"]

1. e4 e5 2. Nf3 Nc6 3. Bb5 a6 4. Ba4 b5 5. Bb3 Nf6 6. 0-0 Be7 7. Re1 0-0 8. c3 d5 9. exd5 Nxd5 10. Nxe5 Nxe5 11. Rxe5 c6 12. Bxd5 cxd5 13. Qf3 Bb7 14. d4 Bd6 15. Rh5 Qe7 16. Be3 Rae8 17. Nd2 b4 18. Nf1 f6 19. g4 Qf7 20. Ng3 Bxg3 21. hxg3 bxc3 22. bxc3 Qg6 23. Rf5 Rf7 24. Kg2 Bc8 25. Rh1 Re4 26. Rh4 Rfe7 27. Rf4 R4e6 28. g5 Qxg5 29. Rhg4 Rxe3 30. fxe3 Bxg4 31. Rxg4 Qxe3 32. Qxd5+ Qe6 33. Qxe6+ Rxe6 34. Kf2 Rc6 35. d5 Rxc3 36. Rd4 Kf7 37. d6 Ke8 38. Re4+ Kd7 39. Re7+ Kxd6 40. Rxg7 h5 41. Rh7 Rc5 42. Rh6 Ke6 43. Rh7 Ra5 44. Ke3 Rg5 45. Kf4 a5 46. Rb7 Rg4+ 47. Kf3 Rb4 48. Ra7 Rb5 49. Ke4 Rb4+ 50. Kf3 Rb5 51. Ke4 Rg5 52. Ra6+ Kf7 53. Ra7+ Kg6 54. Ra8 a4 55. Rg8+ Kh7 56. Rxg5 fxg5 57. Kf5 Kh6 58. Ke4 Kg6 59. Kf3 a3 60. Ke4 Kf6 61. Kf3 Ke5 62. Ke3 Kd5 63. Kf3 Kd4 64. Kf2 Kc3 0-1

[Event "NATO-ch 23nd"]
[Site "Brest"]
[Date "2012.10.02"]
[Round "2"]
[White "Echavarria Hidalgo, Fernando"]
[Black "Patron, Pascal"]
[Result "0-1"]
[WhiteElo "1774"]
[BlackElo "2015"]
[PlyCount "32"]
[EventDate "2012.10.01"]
[EventType "swiss"]
[EventRounds "7"]
[EventCountry "FRA"]
[SourceTitle "CBM 150 Extra"]
[Source "ChessBase"]
[SourceDate "2012.10.19"]
[SourceVersion "1"]
[SourceVersionDate "2012.10.19"]
[SourceQuality "1"]

1. d4 d5 2. c4 Nc6 3. cxd5 Qxd5 4. Nf3 e5 5. e3 Bg4 6. Be2 exd4 7. exd4 Nf6 8. 0-0 Bd6 9. Nc3 Qh5 10. Re1 0-0 11. g3 Rfe8 12. a3 Rxe2 13. Nxe2 Bxf3 14. Qd3 Re8 15. Be3 Be4 16. Qd2 Qf3 0-1